000 02286cam a2200169 4500500
005 20260208005543.0
041 _afre
042 _adc
100 1 0 _aDelacroix-Besnier, Claudine
_eauthor
245 0 0 _aThéodore Agallianos, Dialogue avec un moine contre les Latins (1442), édition critique, traduction française et commentaire par Marie-Hélène Blanchet, Paris, Publications de la Sorbonne, « Byzantina Sorbonensia » 27, 2013, 251 p.
260 _c2015.
500 _a18
520 _aL’édition des lettres de Marc Bloch au slavisant André Mazon, professeur au Collège de France, présentées ici, est intéressante à deux titres : premièrement, cette correspondance permet de préciser les raisons de l’échec du départ de Marc Bloch pour les États-Unis en 1941, et démontre notamment la part de responsabilité du Consulat américain de Lyon en la matière ; de l’autre, elle illustre la réalité de l’entraide entre universitaires durant la période de l’Occupation, et le dynamisme de réseaux de sociabilité qui se reconfigurent rapidement. Le rapprochement du cas de Bloch avec d’autres cas d’entraide et de mobilisation de personnels de l’enseignement supérieur en direction de collègues, qu’ils soient juifs, étrangers ou résistants, confirme ce constat.
520 _aThe edition of Marc Bloch’s letters to the slavist André Mazon (professor at the Collège de France) presented here, is interesting for two points: on the one hand, this correspondence allows to specify the reasons of the failure of Marc Bloch’s departure for the United States in 1941, and demonstrates in particular the share of responsibility of the American Consulate of Lyon; on the other hand, it illustrates the reality of the mutual aid between academics during the period of the Occupation, and the dynamism of networks of sociability which quickly re-configure. The presentation of further cases of mutual aid and/or mobilization of staffs of academics in the direction of colleagues, – either Jewish, foreign or Resistant –, acknowledges the same fact.
786 0 _nRevue historique | 674 | 2 | 2015-04-20 | p. 413k-489k | 0035-3264
856 4 1 _uhttps://shs.cairn.info/revue-historique-2015-2-page-413k?lang=fr&redirect-ssocas=7080
999 _c1652669
_d1652669